000 00547nam a2200169 i 4500
001 51338
003 ES-MaACL
005 20230906162334.0
007 t|
008 030812s1912 gw ||||1| ger d
100 1 _aDaffner, Hugo.
_942427
245 1 0 _aSalome
_b: ihre Gestalt in Geschichte und Kunst, Dictung, bildende Kunst, Musik /
_cvon Hugo Daffner ; mit einer Radierung von Wilhelm Thöny.
260 _aMünchen :
_bHugo schmidt,
_c1912.
300 _a406 p. ;
_c25 cm.
700 1 _aThöny, Wilhelm.
_9110129
852 _aES-MaACL
_jF-4609
999 _c51338
_d51338